Conversaciones con Matta.
Saved in:
| Hovedforfatter: | |
|---|---|
| Format: | Bog |
| Sprog: | spansk |
| Udgivet: |
Santiago, Chile:
Ediciones Universidad Diego Portales,
2011.
|
| Udgivelse: | Segunda edición. |
| Serier: | Pensamiento Visual.
|
| Fag: | |
| Tags: |
Tilføj Tag
Ingen Tags, Vær først til at tagge denne postø!
|
MARC
| LEADER | 00000cam a2200000 a 4500 | ||
|---|---|---|---|
| 001 | UCG8679 | ||
| 003 | CL-VaPUC | ||
| 005 | 20250407202431.0 | ||
| 008 | 111223t20110600CL |||||||||||||||||spa|d | ||
| 999 | |c 346279 |d 346277 | ||
| 020 | |a 978-956-314-132-0 | ||
| 040 | |c Pontificia Universidad Católica de Valparaíso | ||
| 082 | 0 | 4 | |a 759.983 CAR 2011 |2 21 |
| 100 | |a Carrasco, Eduardo |e autor |9 875038 | ||
| 245 | 1 | 0 | |a Conversaciones con Matta. |
| 250 | |a Segunda edición. | ||
| 260 | |a Santiago, Chile: |b Ediciones Universidad Diego Portales, |c 2011. | ||
| 300 | |a 477 páginas. | ||
| 490 | 0 | |a Pensamiento Visual. | |
| 500 | |a c.3: Instituto Arcos. 08-01-2025. | ||
| 583 | |a last modification |c 20111223 12:06:00 |k Rodrigo Vera | ||
| 600 | 0 | |9 474854 |a Matta, Roberto, |d 1911-2002 |v Conversaciones, entrevistas, etc. |x Pintor y poeta chileno | |
| 650 | 0 | |a Pintores chilenos |9 345328 |y Siglo 20 | |
| 942 | |c BK |2 ddc |n 0 | ||
| 945 | |d 20111223 00:00:00 |a dcastane | ||
| 952 | |0 0 |1 0 |4 0 |6 759_983000000000000_CAR_2011 |7 0 |8 R |9 446923 |a BIBART |b BIBART |d 2019-11-22 |i 4817990 |l 17 |m 2 |o 759.983 CAR 2011 |p 4817990 |r 2025-03-13 |s 2024-10-10 |w 2019-11-22 |y BK_R |k ART | ||
| 952 | |0 0 |1 0 |3 erb |4 0 |6 759_983000000000000_CAR_2011 |7 0 |8 A |9 446924 |a BIBARQ |b BIBARQ |i 5406692 |o 759.983 CAR 2011 |p 5406692 |r 2025-01-20 |w 2019-11-22 |y BK |z Catalogado en:20170709 |k ARQ | ||
| 952 | |0 0 |1 0 |2 ddc |4 0 |6 759_983000000000000_CAR_2011 |7 0 |8 A |9 601678 |a BIBINC |b BIBINC |d 2025-03-21 |e Instituto Arcos |i 5666503 |o 759.983 CAR 2011 |p 5666503 |r 2025-03-21 |t 3 |w 2025-03-21 |y BK |k IFP | ||